O mistério do Fiacre (Record no. 43339)

MARC details
000 -Etiqueta do registo
Valores 00383nam a2200169 4500
100 ## - Dados gerais de processamento
Dados gerais 20240627 pory50
101 ## - Língua de publicação
Língua por
102 ## - País de publicação
País PT
200 ## - Titulo e menção de responsabilidade
Título próprio O mistério do Fiacre
Primeira menção de responsabilidade Fergus Hume
210 ## - Publicação
Local de publicação Lisboa
Nome do editor Livros do Brasil
Data de publicação 1990
215 ## - Descrição física 
Paginação / Volumes 250, [1]
225 ## - Colecção 
Título próprio da colecção Vampiro
Indicação de volume 511
675 ## - CDU
Notação 821.111-31
801 ## - Fonte de origem
País PT
Regras de catalogação RPC
990 ## - Elementos KOHA
Tipo de documento Livro
Holdings
Aquisição Empréstimo Código de barras Cota Permissão de empréstimo Tipo de documento
Biblioteca Municipal de Redondo Biblioteca Municipal de Redondo 050476 821.111-3 HUM   Livro

Powered by Koha